Motors,controls and circuits for air conditioning and refrigeration system

Salvato in:
Dettagli Bibliografici
Autore principale: Kissell, Thomas E. (Autore)
Natura: Libro
Lingua:inglese
Pubblicazione: Reston : Reston Publishing Company, 1984
Tags: Aggiungi Tag
Nessun Tag, puoi essere il primo ad aggiungerne!!

MARC

LEADER 00000nam a22000003a 4500
001 stu81651
005 20150617225638.8
008 030825s1984----xxu-----------------eng-d
040 |a STU  |b slo 
041 0 |a eng 
044 |a xxu 
080 |a 697.932 
100 1 |a Kissell, Thomas E.  |4 aut 
245 1 |a Motors,controls and circuits for air conditioning and refrigeration system 
260 |a Reston :  |b Reston Publishing Company,  |c 1984 
300 |a 253 s 
996 |c V*33220/O-13488  |l VV18  |s P  |a 0  |w stu81651_0001